Cricket: Most T20I Wickets for Each Full Member Team - Statistics

General Stats
  • This quiz has been taken 17 times
  • The average score is 34 of 60
Answer Stats
Wickets Answer % Correct
79 Mitchell Starc
100%
89 Jasprit Bumrah
92%
67 Josh Hazlewood
92%
66 Pat Cummins
92%
99 Arshdeep Singh
85%
64 Dale Steyn
85%
107 Lasith Malinga
85%
159 Rashid Khan
85%
108 Shadab Khan
85%
102 Shaheen Shah Afridi
85%
97 Shahid Afridi
85%
83 Trent Boult
85%
117 Adam Zampa
77%
131 Adil Rashid
77%
71 Kagiso Rabada
77%
97 Mohammad Nabi
77%
149 Shakib Al Hasan
77%
164 Tim Southee
77%
96 Yuzvendra Chahal
77%
90 Bhuvneshwar Kumar
69%
78 Dwayne Bravo
69%
144 Ish Sodhi
69%
82 Josh Little
69%
46 Mahedi Hasan
69%
120 Mitchell Santner
69%
81 Sikandar Raza
69%
131 Wanindu Hasaranga
69%
118 Haris Rauf
62%
61 Imran Tahir
62%
63 Mujeeb Ur Rahman
62%
132 Mustafizur Rahman
62%
65 Stuart Broad
62%
82 Taskin Ahmed
62%
64 Lockie Ferguson
54%
63 Lungi Ngidi
54%
54 Mark Wood
54%
54 Sam Curran
54%
89 Tabraiz Shamsi
54%
66 Ajantha Mendis
46%
78 Blessing Muzarabani
46%
54 Fazalhaq Farooqi
46%
94 Hardik Pandya
46%
66 Jason Holder
46%
67 Naveen-ul-Haq
46%
85 Umar Gul
46%
60 Andre Russell
38%
58 Kevin O'Brien
38%
58 Maheesh Theekshana
38%
127 Mark Adair
38%
49 Ashton Agar
31%
60 Akeal Hosein
23%
108 Chris Jordan
23%
66 Nuwan Kulasekara
23%
46 Shoriful Islam
23%
80 Richard Ngarava
15%
65 Tendai Chatara
15%
84 Craig Young
8%
83 George Dockrell
8%
66 Luke Jongwe
8%
56 Romario Shepherd
8%
No matching quizzes found
Score Distribution
Percent of People with Each Score
Percentile by Number Answered
Your Score History
You have not taken this quiz